| 000 | 00415nam a2200133Ia 4500 | ||
|---|---|---|---|
| 008 | 160809s9999 xx 000 0 und d | ||
| 100 | _aAl-Shuaili, Mazin. | ||
| 245 | _aPersonal Identity Matching | ||
| 245 | _cMazin Al-Shuaili and Marco Carvalho. | ||
| 260 | _bComputer Science and Information Technology | ||
| 260 | _cJanuary 2016 | ||
| 650 | _xINFORMATION TECHNOLOGY | ||
| 856 | _uhttp://airccse.org/V6N49.html | ||
| 999 |
_c300065 _d300065 |
||